000 01022nam a2200241 i 4500
001 190349
003 SpMaBN
005 20251005063142.0
008 201111s1976 sp |||| | spa d
080 _a860 Gazulla de Ursino, Carlos 1.06
100 1 _aFerrer Lluch, Manuel,
_d1937-
_9170745
245 1 0 _aCarlos Gazulla de Ursino :
_bsu obra /
_cManuel Ferrer Lluch.
260 _aBarcelona :
_bUniversidad de Barcelona, [Facultad de Filosofía y Letras],
_c1976.
300 _a16 p. ;
_c24 cm.
502 _aTesis-Univ. Barcelona (Extracto)
594 _aPrecede al tít.: Universidad de Barcelona. Secretariado de Publicaciones, Intercambio Científico y Extensión Universitaria.
600 1 4 _aGazulla de Ursino, Carlos-
_xCrítica e interpretación.
_9170746
655 _aTesis y escritos académicos
_9226867
710 2 _aUniversidad de Barcelona.
_bFacultad de Filosofía y Letras.
_97149
852 4 _aES-MaACL
_jP-1415 (101)
_9197557
_bR.68610
_cDEPO2
942 _2udc
999 _c190349
_d190349